Standard Methods For The Examination Of Water And Wastewate (Record no. 86215)

MARC details
000 -LEADER
fixed length control field 00420pam a2200157 a 4500
020 ## - INTERNATIONAL STANDARD BOOK NUMBER
Terms of availability
040 ## - CATALOGING SOURCE
Original cataloging agency BVNG_364002
041 ## - LANGUAGE CODE
Language code of text/sound track or separate title eng
082 ## - DEWEY DECIMAL CLASSIFICATION NUMBER
Classification number 628.161
Item number RIC
100 ## - MAIN ENTRY--PERSONAL NAME
Personal name Rice Eugene W
Relator term Author
245 ## - TITLE STATEMENT
Title Standard Methods For The Examination Of Water And Wastewate
Statement of responsibility, etc. Eugene W. Rice
Medium Textual Documents
250 ## - EDITION STATEMENT
Edition statement 22nd ed
Remainder of edition statement 2012
260 ## - PUBLICATION, DISTRIBUTION, ETC.
Place of publication, distribution, etc. [S.l.]
Name of publisher, distributor, etc. Apha
Date of publication, distribution, etc. 2012
300 ## - PHYSICAL DESCRIPTION
Extent 10-175p
Other physical details Ill;
Dimensions 20cm
930 ## - EQUIVALENCE OR CROSS-REFERENCE-UNIFORM TITLE HEADING [LOCAL, CANADA]
Uniform title 9310
Holdings
Withdrawn status Lost status Damaged status Not for loan Collection Home library Current library Date acquired Source of acquisition Cost, normal purchase price Total Checkouts Full call number Barcode Date last seen Copy number Price effective from Koha item type
          Yashwantrao Mohite College of Arts, Science And Commerce, Pune Yashwantrao Mohite College of Arts, Science And Commerce, Pune 07/06/2021 Bharati Sahakari Madhyavarti Grahak Bhandar 21450.00   628.161 RIC YMP-39331 24/02/2023 1 24/02/2023 Book